000 nam a22 a 4500
999 _c332470
_d332470
003 BLK
005 20190709133835.0
008 190709b bu ||||| |||| 00| 0 bu d
020 _a978-975194278-4
040 _aBLK
041 _aRUS
_cRUS
080 _aСоциография. Социално положение. Условия на политическия и социалния живот. Социално и социално-икономическо положение на отделните страни, народи, раси. Социална география. (Общи въпроси)
_b308
_x(560)
_z308(560)
080 _aРегионална география
_b913
_x(560)
_z913(560)
100 _9948
_aДоган, Кутлай
_eподг.
139 _aДоган, Кутлай
_bД 69
245 _aТурция
_cКутлай Доган ; прев. на рус.Ольга Корбут
260 _9214595
_aАнкара
_bTurk Haberler Ajansi
_c2008
300 _a526 с.
_bс цв. ил.
_c20 см
380 _a3
650 7 _9174341
_aТурция
651 7 _9179691
_aТурция
653 7 _9198823
_aТурция
700 _91007
_aКорбут, Ольга
_eпрев. на рус.
942 _cKNG
_n0